000 00807cam a2200229u 4500
001 6843841
003 ARRUPE
005 20140326165632.0
008 821208s1917 enkbf 000 0 eng
010 _a 18026264
040 _aDLC
_cCarP
_dDLC
043 _ae-uk-en
_af------
050 0 0 _aD576.G3
_bY7
100 1 _aYoung, Francis Brett,
_d1884-1954.
_99468
245 1 0 _aMarching on Tanga (with General Smuts in East Africa)
260 _aLondon [etc.]
_bW. Collins sons & co. ltd.
_c[c1917]
300 _axi, [1], 264, [2] p.
_bincl. front. plates, fold. map.
_c20 cm.
650 0 _aWorld War, 1914-1918
_vPersonal narratives, British.
_99469
650 0 _aWorld War, 1914-1918
_xCampaigns
_zGerman East Africa.
_99470
906 _a0
_bcbc
_cpremunv
_du
_encip
_f19
_gy-gencatlg
942 _2lcc
_cREFERENCE
999 _c120291
_d120291